1449 1579 1247 1360 1095 1566 1198 1612 1479 1781 1000 1850 1903 1838 1026 1166 1741 1239 1726 1571 1809 1111 1854 1274 1826 1020 1998 1276 1079 1246 1750 1581 1158 1478 1420 1705 1185 1235 1540 1371 1564 1191 1261 1462 1580 1447 1120 1820 1849 1162 1347 1498 1684 1572 1241 1590 1334 1367 1247 1937 1537 1157 1412 1937 1275 1530 1967 1156 1761 1875 1671 1808 1245 1601 1004 1320 1921 1199 1454 1594 1236 1352 1152 1854 1236 1916 1193 1913 1899 1932 1050 1444 1730 1304 1781 1914 1022 1219 1774 BCNSPRNW ULIB Ver.6.0+V

เปลี่ยนเป็นภาษาไทย

Change to English
 แสดงรายละเอียดบรรณานุกรม
  กลับหน้าหลัก

Brief Record : Get Marc (ISO 2709) : E-mail record : QR code < ปิดหน้าต่าง
LEADER : 00000nam 2200000uu 4500
001    13399111697
003     ULIB
008    110706s2552||||th 000 0 tha d
020    9786117023019
050 04 BQ7210^bร649ค 2552
100 0  รุ่งอรุณ
245 10 คู่มือสร้างบุญ อุ่นใจตลอดชาติ /^cรุ่งอรุณ
260    กรุงเทพฯ :^bbusy-day,^c2552
300    237 หน้า
650  7 ทำบุญ
945    ^p155^l0^i026491
949    ทศพร
999 ^a ใช้งานได้ทุกระบบ
รายการนี้ยังไม่มีแท็ก
คุณยังไม่ได้ล็อกอิน คุณสามารถมีกิจกรรมร่วมกับเว็บไซต์ได้ แต่ต้องล็อกอินก่อน ::
  ล็อกอิน

รายการสื่อสารสนเทศ

ลำดับที่ ประเภท เลขเรียก/บาร์โค้ด สถานที่ สถานะ
- ไม่พบข้อมูล -

รายการใกล้เคียง
    ผู้แต่ง [รุ่งอรุณ]

    หัวเรื่อง [ทำบุญ]

BibComment


ยังไม่เคยถูกคอมเมนท์

คอมเมนท์ทรัพยากรรายการนี้
  คอมเมนท์: คู่มือสร้างบุญ อุ..


 Copyright 2026. Bcnsprnw @Library